000 00930nam a2200253 a 4500
001 000023276
005 20251210105142.0
008 101201s1998 ck r 000 0 spa d
020 _a9588052114
040 _aDO-SdBNP
_bspa
_cBNPHU
082 _a121
_bM519v
100 1 _aMeléndez Acuña, Raúl,
_d1964-
_947928
245 1 0 _aVerdad sin fundamentos :
_buna indagación acerca del concepto de verdad a la luz de la filosofía de Wittgenstein /
_cRaúl Meléndez Acuña ; presentación de Magdalena Holguín.
260 _aColombia :
_bMinisterio de Cultura,
_c1998.
300 _a265, [14] p. ;
_c21 cm.
490 1 _aPremios nacionales de cultura
490 1 _aFilosofía
504 _aIncluye notas al pie de las páginas.
650 4 _aTeoría del conocimiento
_913
650 0 _aVerdad
_947929
700 1 _aHolguín, Magdalena,
_947930
830 0 _aPremios nacionales de cultura.
_pFilosofía
_947931
049 _aBNGR
999 _c22773
_d22773